| 000 | 00522pab a2200169 454500 | ||
|---|---|---|---|
| 008 | 180718b2001 xxu||||| |||| 00| 0 eng d | ||
| 100 | _aHelden, G. Jan Van | ||
| 245 | _aThe application of business like planning and control in local government: a field study of eight Dutch municipalities | ||
| 260 | _c2001 | ||
| 300 | _ap.61-86 | ||
| 362 | _aSpring | ||
| 650 | _aLocal government - Netherlands | ||
| 650 | _aLocal government | ||
| 700 | _aBogt, Henk J. Ter | ||
| 773 | _aLocal Government Studies | ||
| 909 | _a48963 | ||
| 999 |
_c48963 _d48963 |
||